000
00210 a2200097 4500
001
16056
100
_a
Galyer, J
245
_a
Metrology for engineers
260
_a
London
_b
Cassel Ltd
_c
090
_c
12427
_d
12427
942
_a
NUST-CAE
_c
M
_c
2700
999
_c
251129
_d
251129